| 000 | 00440nam a22001337a 4500 | ||
|---|---|---|---|
| 020 | _qHB. | ||
| 040 | _cFIZZA ISHAQ | ||
| 082 |
_a528 _bAST |
||
| 100 |
_aOffice , Nautical Almanac. _9134386 |
||
| 245 |
_aThe Astronomical Almanac For the Year 1981 / _c Nautical Almanac Office. |
||
| 260 |
_aWashington, D.C. : _bGovernment Printing Office, _c1980. |
||
| 300 |
_avarious pagings : illustrations, charts, tables ; _c25 cm |
||
| 942 |
_2ddc _cBK |
||
| 999 |
_c617364 _d617364 |
||